Agents and Artificial Intelligence 6th International Conference, ICAART 2014, Angers, France, March 6-8, 2014, Revised Selected Papers /

This book constitutes the thoroughly refereed post-conference proceedings of the 6th International Conference on Agents and Artificial Intelligence, ICAART 2014, held in Angers, France, in March 2014. The 21 revised full papers presented together with one invited paper were carefully reviewed and se...

Full description

Bibliographic Details
Corporate Author: SpringerLink (Online service)
Other Authors: Duval, Béatrice (Editor), van den Herik, Jaap (Editor), Loiseau, Stephane (Editor), Filipe, Joaquim (Editor)
Format: Electronic eBook
Language:English
Published: Cham : Springer International Publishing : Imprint: Springer, 2015.
Edition:1st ed. 2015.
Series:Lecture Notes in Computer Science, 8946
Subjects:
Online Access:Full Text via HEAL-Link
LEADER 02753nam a22006135i 4500
001 978-3-319-25210-0
003 DE-He213
005 20151218051921.0
007 cr nn 008mamaa
008 150924s2015 gw | s |||| 0|eng d
020 |a 9783319252100  |9 978-3-319-25210-0 
024 7 |a 10.1007/978-3-319-25210-0  |2 doi 
040 |d GrThAP 
050 4 |a Q334-342 
050 4 |a TJ210.2-211.495 
072 7 |a UYQ  |2 bicssc 
072 7 |a TJFM1  |2 bicssc 
072 7 |a COM004000  |2 bisacsh 
082 0 4 |a 006.3  |2 23 
245 1 0 |a Agents and Artificial Intelligence  |h [electronic resource] :  |b 6th International Conference, ICAART 2014, Angers, France, March 6-8, 2014, Revised Selected Papers /  |c edited by Béatrice Duval, Jaap van den Herik, Stephane Loiseau, Joaquim Filipe. 
250 |a 1st ed. 2015. 
264 1 |a Cham :  |b Springer International Publishing :  |b Imprint: Springer,  |c 2015. 
300 |a XIX, 379 p. 139 illus. in color.  |b online resource. 
336 |a text  |b txt  |2 rdacontent 
337 |a computer  |b c  |2 rdamedia 
338 |a online resource  |b cr  |2 rdacarrier 
347 |a text file  |b PDF  |2 rda 
490 1 |a Lecture Notes in Computer Science,  |x 0302-9743 ;  |v 8946 
520 |a This book constitutes the thoroughly refereed post-conference proceedings of the 6th International Conference on Agents and Artificial Intelligence, ICAART 2014, held in Angers, France, in March 2014. The 21 revised full papers presented together with one invited paper were carefully reviewed and selected from 225 submissions. The papers are organized in two topical sections on agents and on artificial intelligence. 
650 0 |a Computer science. 
650 0 |a Database management. 
650 0 |a Data mining. 
650 0 |a Information storage and retrieval. 
650 0 |a Artificial intelligence. 
650 0 |a Computer graphics. 
650 1 4 |a Computer Science. 
650 2 4 |a Artificial Intelligence (incl. Robotics). 
650 2 4 |a Data Mining and Knowledge Discovery. 
650 2 4 |a Information Storage and Retrieval. 
650 2 4 |a Computer Imaging, Vision, Pattern Recognition and Graphics. 
650 2 4 |a Information Systems Applications (incl. Internet). 
650 2 4 |a Database Management. 
700 1 |a Duval, Béatrice.  |e editor. 
700 1 |a van den Herik, Jaap.  |e editor. 
700 1 |a Loiseau, Stephane.  |e editor. 
700 1 |a Filipe, Joaquim.  |e editor. 
710 2 |a SpringerLink (Online service) 
773 0 |t Springer eBooks 
776 0 8 |i Printed edition:  |z 9783319252094 
830 0 |a Lecture Notes in Computer Science,  |x 0302-9743 ;  |v 8946 
856 4 0 |u http://dx.doi.org/10.1007/978-3-319-25210-0  |z Full Text via HEAL-Link 
912 |a ZDB-2-SCS 
912 |a ZDB-2-LNC 
950 |a Computer Science (Springer-11645)